| 000 | 00802nam a22002297a 4500 | ||
|---|---|---|---|
| 001 | 48586 | ||
| 003 | BD-RjUL | ||
| 005 | 20211209054541.0 | ||
| 008 | 160814s1967 bg ||||| |||| 00| 0 ben d | ||
| 020 | _c: TK 1.00 | ||
| 035 | _a(BD-RjUL)48705 | ||
| 040 |
_aBD-RjUL _bben _cBD-RjUL |
||
| 041 | _aben | ||
| 082 |
_223 _a891.442 _bISJ 1967 |
||
| 100 |
_aইসলাম, শেখ নুরুল _9146787 |
||
| 245 | 1 | 0 |
_aযত সব ঝামেলা : _bনাটিকা / _c শেখ নুরুল ইসলাম |
| 260 |
_aবরিশাল : _bপুথি প্রকাশনী, _c১৯৬৭ [১৩৭৪] |
||
| 300 |
_a৪৫ পৃ. ; _c১৭ সেমি. |
||
| 650 |
_aবাংলা নাটক _9146788 |
||
| 650 |
_aBengali Drama _9146789 |
||
| 942 |
_2ddc _cBK |
||
| 999 |
_c48586 _d48586 |
||